پیڑ پیودوں کی داستان / (Record no. 169885)

MARC details
000 -LEADER
fixed length control field 00612nam a22001937a 4500
005 - DATE AND TIME OF LATEST TRANSACTION
control field 20191216151832.0
010 ## - LCCN (DPL NO)
LC control number B-70158
020 ## - INTERNATIONAL STANDARD BOOK NUMBER
International Standard Book Number 81230106164
Terms of availability 90.00
035 ## - SYSTEM CONTROL NUMBER
System control number B-70158
037 ## - SOURCE OF ACQUISITION
Source of stock number/acquisition BPPD/Pub.
082 ## - DEWEY DECIMAL CLASSIFICATION NUMBER
Classification number 582.16
100 ## - MAIN ENTRY--PERSONAL NAME
Personal name پرملا پنڈت بروا
245 ## - TITLE STATEMENT
Title پیڑ پیودوں کی داستان /
Statement of responsibility, etc پرملا پنڈت بروا
246 ## - VARYING FORM OF TITLE
Title proper/short title Ped Padon ki Dastaan(Urdu) /
Remainder of title Parmila Pandat Barwa
260 ## - PUBLICATION, DISTRIBUTION, ETC. (IMPRINT)
Place of publication, distribution, etc Delhi
Name of publisher, distributor, etc Publication division
Date of publication, distribution, etc 2002
270 ## - ADDRESS
Address Patiyala house
City New Delhi
Postal code 110001
300 ## - PHYSICAL DESCRIPTION
Extent 87p.
Dimensions 20cm(pbk)
942 ## - ADDED ENTRY ELEMENTS (KOHA)
Source of classification or shelving scheme Dewey Decimal Classification
Item type Urdu Bks
Classification part 582.16
Call number suffix پ ر و
Holdings
Withdrawn status Lost status Not for loan Collection code Home library Current library Date acquired Source of acquisition Cost, normal purchase price Full call number Barcode Copy number Cost, replacement price Koha item type
      Non-fiction Central Library Central Library 06/12/2019 BPPD/Ven. 90.00 582.16 پ ر و B-70158 2 90.00 Urdu Bks
      Non-fiction Central Library Central Library 06/12/2019 BPPD/Ven 90.00 582.16 پ ر و B-70157 2 90.00 Urdu Bks

© Delhi Public Library
Hit Counter
free hit counter